[Event "9th HDBank Open 2019"]
[Site "Ho Chi Minh City"]
[Date "2019.03.11"]
[Round "7.24"]
[White "Raja, Rithvik R"]
[Black "Gomes, Mary Ann"]
[Result "1/2-1/2"]
[WhiteElo "2423"]
[BlackElo "2312"]
[Annotator "TA"]
[PlyCount "85"]
[EventDate "2019.03.07"]
[EventType "swiss"]
[EventCountry "VIE"]
[SourceTitle "playchess.com"]
[Source "ChessBase"]
[SourceQuality "1"]

{[%evp 21,85,14,32,23,36,21,35,-6,-6,-6,-6,-10,-8,-7,-7,-7,-8,-8,0,0,0,0,7,0,38,27,45,43,56,38,48,47,50,43,74,76,94,93,104,99,99,64,69,22,16,-15,-12,-9,-8,-15,-15,-15,-15,-26,-7,-7,-7,-7,-8,-8,-8,-8,-9,-16,-14,-13]} 1. Nf3 Nf6 2. c4 e6 3. g3 b6 4. Bg2 Bb7 5. O-O Be7 6. Nc3 O-O 7. Re1 d5 8. cxd5 exd5 9. d4 Ne4 10. Bf4 c5 11. Rc1 {[%cal Ba1c1,Bc1c3,Bc3d3][%mdl 32]} Nc6 (11... Nd7 {feels hotter.} 12. dxc5 Ndxc5 13. Nd4 Nxc3 14. Rxc3 Bf6) 12. dxc5 {E17: Queen's Indian: 4 g3 Bb7 5 Bg2 Be7} Nxc3 13. Rxc3 bxc5 14. Ne5 {White is slightly better.} Nxe5 15. Bxe5 Qd7 16. Rd3 {[%cal Rg2d5]} d4 $146 {[#] Hoping for ...Bxg2.} ({Predecessor:} 16... Rad8 17. Bxd5 Qf5 18. Bxb7 Qxe5 19. b3 Qb2 {1-0 (39) Gagunashvili,M (2555)-Li,C (2320) Moscow 2006}) 17. Bxb7 Qxb7 18. Qb3 Qe4 19. Bf4 g5 20. Bd2 Rab8 21. Qc2 Rfc8 {Threatens to win with ...c4.} 22. b3 Bf6 (22... Qg6 {is interesting.} 23. Bc1 Rb6 24. e3 Re6 25. Rf1 Bf6) 23. Rc3 $36 {[%mdl 2048] White has the initiative.} Qxc2 24. Rxc2 Be7 25. e3 {Strongly threatening exd4.} d3 26. Rc4 Rc6 27. Ra4 c4 28. bxc4 Rb2 {[#]} 29. Rd1 $1 Bf6 30. Ba5 Rd6 31. c5 Rc6 32. Rxd3 Rxc5 33. Bd8 Rc1+ 34. Kg2 Rcc2 35. Bxf6 {[%cal Rd3d8]} Rxf2+ 36. Kh3 {[%cal Rd3d8]} Rxf6 $11 {[%mdl 4096] Endgame KRR-KRR} 37. Rd5 (37. Rxa7 h5 $19) 37... Rg6 38. Kg4 {The position is equal.} Rxh2 {And now ...h5+ would win.} 39. Rxg5 h5+ 40. Kf5 Rf2+ 41. Rf4 Rxg5+ 42. Kxg5 Rxa2 43. Kxh5 {Accuracy: White = 80%, Black = 65%.} 1/2-1/2

[Event "9th HDBank Open 2019"]
[Site "Ho Chi Minh City"]
[Date "2019.03.11"]
[Round "7.25"]
[White "Le, Quang Long"]
[Black "Hoang, Thi Bao Tram"]
[Result "1-0"]
[WhiteElo "2412"]
[BlackElo "2301"]
[Annotator "TA"]
[PlyCount "135"]
[EventDate "2019.03.07"]
[EventType "swiss"]
[EventCountry "VIE"]
[SourceTitle "playchess.com"]
[Source "ChessBase"]
[SourceQuality "1"]

{[%evp 9,135,-54,25,0,27,27,17,14,26,20,26,18,31,7,20,0,0,0,0,0,0,0,0,0,2,-10,0,-2,0,-7,-10,-8,-8,-47,-42,-40,-40,-48,-41,-89,-97,-147,-146,-154,-121,-120,-110,-119,-42,-45,-48,-47,-47,-168,-89,-108,-61,-66,-40,-40,-40,-37,-39,-50,-26,-133,-58,-66,-39,-63,-27,-30,-36,-46,-8,-8,459,461,443,452,415,435,546,469,633,616,581,464,464,460,457,457,457,457,453,452,445,379,664,663,649,640,2222,1880,12818,29955,29968,29971,29972,29972,29972,29973,29972,29971,29968,29969,29976,29977,29982,29983,29985,29984,29986,29987,29992,29990,29991,29992]} 1. Nf3 d5 2. c4 e6 3. g3 Nf6 4. Bg2 d4 5. b4 c5 (5... Bxb4 $15 6. Qa4+ Nc6) 6. Bb2 {A13: English Opening: 1...e6} a5 7. bxc5 Bxc5 8. e3 {[%cal Re3d4] The position is equal.} Nc6 9. exd4 $146 ({Predecessor:} 9. O-O O-O 10. Na3 e5 11. Nb5 Bg4 12. h3 Bh5 13. g4 {1-0 (51) Ehlvest,J (2650)-Pomes Marcet,J (2400) Terrassa 1991}) 9... Nxd4 10. O-O O-O 11. Na3 {[#]} e5 $1 {[%mdl 512]} 12. Nxd4 (12. Nxe5 Qd6) 12... Bxd4 13. Bxd4 Qxd4 14. Qc2 Rd8 15. Nb5 Qc5 16. Rac1 Rb8 17. Qc3 Bf5 18. Qe3 $1 {[%cal Re3c5]} Qxe3 19. dxe3 Rd2 $36 {[%mdl 2048] Black is pushing.} 20. a3 Bd3 21. Rfd1 Rxd1+ 22. Rxd1 Bxc4 23. Nd6 b5 {[%cal Bb7b5,Bb5b4][%mdl 32]} 24. Rb1 {[#]} Bd3 $1 {[%cal Rd3b1]} 25. Rb3 e4 26. Bf1 Bxf1 27. Kxf1 $17 {[%mdl 4096] Endgame KRN-KRN} b4 28. Nc4 {[#]} Rb5 (28... a4 $1 $17 {[%cal Ra4b3]} 29. Rxb4 Rxb4 30. axb4 Nd5) 29. Nd6 $15 Rd5 {Threatens to win with ...Rd1+.} 30. Nc4 Rc5 31. Nd2 ({Only move:} 31. Nd6 $1 $15) 31... Rb5 (31... Rc2 $19 32. Ke1 Rc1+ 33. Ke2 Nd5 34. Nxe4 f5) 32. axb4 axb4 33. Ke2 g5 34. h3 Kg7 35. Rb2 Kg6 36. Kd1 h5 37. Nb3 (37. Rc2 $11) 37... Nd5 (37... g4 $17 38. h4 Nd7) 38. Rd2 Kf6 39. Rd4 Ke5 40. Kc2 f5 41. Nd2 Rb8 42. Kb3 Ra8 $2 {[%mdl 8192]} (42... Rb7 $11 {and Black stays safe.}) 43. Nc4+ $18 Ke6 {[#]} 44. Rxd5 $1 {[%mdl 512] KRN-KR} Ra1 (44... Kxd5 45. Nb6+) 45. Rd6+ Ke7 46. Kxb4 Rh1 47. Kc5 Rxh3 48. Rg6 Rh2 49. Rxg5 Kf6 50. Rg8 Rxf2 51. Nb6 Ke6 52. Rg6+ Kf7 53. Rg5 h4 $2 (53... Ke6 54. Rxh5 Rc2+ 55. Kb4 Kf6 56. Nd5+ Kg6) 54. gxh4 f4 55. Kd4 fxe3 56. Kxe3 Rb2 57. Nd5 Rh2 {White mates.} 58. h5 Rh4 59. Nf4 Kf6 60. Ra5 Rh1 61. Kxe4 Re1+ 62. Kf3 Kg7 63. Ra6 Re5 64. Kg4 Kh7 65. Ne6 Re4+ 66. Kf5 Rh4 67. Ng5+ Kg7 68. Ra7+ {Accuracy: White = 72%, Black = 29%.} 1-0

[Event "9th HDBank Open 2019"]
[Site "Ho Chi Minh City"]
[Date "2019.03.11"]
[Round "7.26"]
[White "Nitin, S.."]
[Black "Le, Minh Hoang"]
[Result "1-0"]
[WhiteElo "2408"]
[BlackElo "2299"]
[Annotator "TA"]
[PlyCount "81"]
[EventDate "2019.03.07"]
[EventType "swiss"]
[EventCountry "VIE"]
[SourceTitle "playchess.com"]
[Source "ChessBase"]
[SourceQuality "1"]

{[%evp 12,81,28,22,38,40,87,70,91,101,95,95,114,28,41,0,0,0,0,-10,0,-35,-20,-35,48,63,62,53,76,56,63,69,81,81,79,83,231,73,106,0,95,96,148,118,144,43,126,100,113,109,118,48,141,150,279,307,300,289,356,355,353,336,343,337,547,525,545,521,1051,1054,1023,944]} 1. e4 c5 2. Nf3 e6 3. d4 cxd4 4. Nxd4 a6 5. Nc3 b5 6. Bd3 Bb7 7. O-O Qb6 {B43: Sicilian: Kan Variation: 5 Nc3} (7... Nc6 8. Nxc6 Bxc6 9. Re1 Bc5 10. Qh5 Bd4 11. Ne2 g6 12. Qh3 Bg7 13. c3 Nf6 14. Nd4 Bb7 15. Bh6 O-O 16. Bxg7 Kxg7 {½-½ (36) Guseinov,G (2664)-Popov,I (2592) St Petersburg 2018}) 8. Nb3 d6 9. a4 {[%cal Ra4b5,Ba2a4,Ba4a5][%mdl 32]} b4 {White is slightly better.} 10. a5 Qc7 11. Na4 $1 Nd7 12. Bd2 $146 (12. Nb6 $16) ({Predecessor:} 12. Be3 Ngf6 13. Nb6 Rd8 14. Qe2 Nxe4 15. Bxa6 Bxa6 16. Qxa6 {½-½ (60) Abhishek,K (2158)-Schneider,V (2301) Barbera del Valles 2009}) 12... Ngf6 $11 13. Bxb4 Nxe4 14. Qe2 Nef6 $1 15. f4 Be7 16. Nd4 Nd5 17. Bd2 Nc5 (17... Bf6 $15 18. Nf3 O-O) 18. c4 $14 Nf6 $1 19. Bc2 $36 {[%mdl 2048] White has some pressure.} O-O 20. Nb6 Rad8 21. b4 Nce4 22. Be3 g6 23. Rac1 Nd7 {[#]} (23... Nc3 $16 {was worth a try.} 24. Qe1 Nce4) 24. Ba4 $2 (24. f5 $1 $18 {[%mdl 512] is the precise move to win.}) 24... Ndf6 25. Bc2 (25. Nb3 $16) 25... Rfe8 (25... Nd7 $1 $11) 26. Nf3 $16 Bf8 (26... Nh5 $142) 27. Ba4 Re7 {[#]} 28. Bd4 (28. c5 $1 $16 {[%cal Rc5c6] Hoping for c6.} dxc5 29. bxc5) 28... e5 {[#]} (28... Nh5 $1 $14) 29. Nd5 $1 {[%mdl 512]} Nxd5 (29... Bxd5 30. Bb6) 30. cxd5 Qb8 31. Qxe4 (31. Bb6 $16 exf4 32. Bxd8 Qxd8 33. Qd3) 31... f5 ({Black should play} 31... exd4 $14 32. Qxd4 Bg7) 32. Qd3 e4 (32... exd4 $16 33. Nxd4 Bg7) 33. Qb3 $18 exf3 34. Rxf3 Re4 35. Bb6 Rc8 36. Bc6 Bg7 37. Re3 Kh8 $2 (37... Bd4 {keeps fighting.} 38. Bxd4 Rxd4) 38. Rxe4 {White is clearly winning.} fxe4 39. Qc4 Bxc6 40. dxc6 d5 41. Qxa6 {Accuracy: White = 50%, Black = 23%.} 1-0

[Event "9th HDBank Open 2019"]
[Site "Ho Chi Minh City"]
[Date "2019.03.11"]
[Round "7.27"]
[White "Rahul Srivatshav P"]
[Black "Kulkarni, Rakesh"]
[Result "1-0"]
[WhiteElo "2400"]
[BlackElo "2298"]
[Annotator "TA"]
[PlyCount "181"]
[EventDate "2019.03.07"]
[EventType "swiss"]
[EventCountry "VIE"]
[SourceTitle "playchess.com"]
[Source "ChessBase"]
[SourceQuality "1"]

{[%evp 24,181,54,42,68,64,63,63,127,125,126,85,81,85,85,93,85,85,85,85,85,85,85,85,85,85,85,85,86,82,85,82,85,79,86,86,86,86,86,86,87,89,99,101,101,93,144,140,139,119,232,191,239,239,239,239,239,239,621,590,512,498,5757,708,700,700,700,700,624,609,569,342,295,220,4908,4785,3904,2081,29937,29938,12848,3606,29945,29946,29941,29942,12829,12850,5398,29940,29944,5073,4135,4129,29958,29959,29961,29960,29973,29973,29974,29968,29968,29968,29968,29970,29970,29971,29971,29972,29972,29974,29973,29975,29975,29976,29980,29975,29974,29976,29975,29976,29976,29975,29976,29978,29977,29978,29978,29979,29979,29980,29981,29980,29982,29975,29983,29984,29984,29985,29985,29986,29987,29988,29988,29989,29989,29990,29992,29991,29993,29994,29994,29995,29995,29996,29996,29995,29997,4153]} 1. d4 Nf6 2. Nf3 e6 3. Bf4 c5 4. c3 Nc6 5. e3 d5 6. Nbd2 Bd6 7. Bg3 O-O 8. Bd3 Qe7 9. Ne5 Nd7 10. Nxd7 {D02: 1 d4 d5 2 Nf3 sidelines, including 2...Nf6 3 g3 and 2...Nf6 3 Bf4} Bxd7 (10... Qxd7 11. O-O b6 12. Bxd6 Qxd6 13. f4 f5 14. Nf3 c4 15. Bc2 b5 16. a3 a5 17. g4 Bd7 {½-½ (69) Grischuk,A (2781)-Hammer,J (2677) Stavanger 2015}) 11. Bxd6 Qxd6 12. dxc5 Qe7 13. b4 {LiveBook: 3 Games} a5 14. a3 Qf6 {...axb4 is the strong threat.} 15. Rc1 $1 {[#]} e5 $146 (15... axb4 $14 16. axb4 Ra3) ({Predecessor:} 15... axb4 16. axb4 Ne5 17. Be2 Ra2 {1-0 (41) Dlugy,M (2518)-Khairullin,I (2652) Berlin 2015}) 16. O-O e4 17. Bb5 {aiming for Nxe4!} Qg6 18. f4 exf3 19. Nxf3 axb4 20. axb4 ({Much worse is} 20. cxb4 $6 Rxa3 21. Qxd5 Be6 $11) 20... Ra2 {[%csl Ga2][%cal Rg6g2]} 21. Rf2 Rxf2 22. Kxf2 Nxb4 23. Bxd7 Nd3+ 24. Kg1 {Threatens to win with Ra1.} Nxc1 25. Qxc1 Rd8 26. Bb5 Rc8 27. Qa3 Qe4 28. Kf2 $1 Qe7 29. Qa7 Qxc5 30. Qxb7 Rc7 31. Qa6 Ra7 32. Qc6 Ra2+ 33. Kg3 Qxc6 34. Bxc6 Rc2 ({Black should play} 34... Ra5) 35. Bxd5 $16 {And now c4 would win.} Rxc3 36. Kf4 Kf8 (36... Rc5 $16 {was necessary.}) 37. Ng5 $18 f6 38. Nxh7+ Ke7 39. h4 Rc5 40. e4 Rb5 $2 (40... Rc2 41. e5 Rd2) 41. Kf5 Rb2 42. g4 Rf2+ (42... Rh2 $142 43. h5 Rf2+ 44. Kg6 Rf4) 43. Kg6 Rf4 44. g5 Rxh4 45. gxf6+ gxf6 46. Nxf6 Rh1 47. Ng8+ Kd6 {[#] intending ...Ke5.} 48. Nh6 $1 Ke5 $2 (48... Rf1 49. Ng4 Rg1) 49. Nf7+ Kd4 50. Kf6 Rf1+ 51. Ke6 Re1 52. Nd6 (52. e5 $142 Kc5 53. Ng5) 52... Rg1 53. Nf5+ Kc5 54. Kf6 Re1 55. Bb7 Rb1 {[#]} 56. Bc8 $1 Kc6 57. e5 (57. Ne7+ $142 Kb6 58. e5 Rf1+ 59. Nf5 Kc7 60. Be6 Re1 61. Bf7 Rb1 62. e6) 57... Kc7 58. Be6 Kd8 59. Bc4 {White mates.} Rc1 60. Bf7 Re1 61. e6 Kc7 62. Be8 Kb6 63. Ba4 Kc5 64. e7 Rxe7 65. Kxe7 Kd5 66. Kf6 Ke4 67. Bc6+ Kd3 68. Ke5 Kc4 69. Be4 Kc5 70. Nd6 Kb4 71. Kd4 Kb3 72. Nc4 Kb4 73. Bc6 Kb3 74. Ne3 Kb4 75. Nc2+ Kb3 76. Kd3 Kb2 77. Bd5 Kb1 78. Kc3 Kc1 79. Ba2 Kd1 80. Nd4 Ke1 81. Kd3 Kf2 82. Ne2 Kf3 83. Be6 Kf2 84. Bd5 Ke1 85. Ke3 Kf1 86. Bf3 Ke1 87. Nf4 Kf1 88. Be2+ Kg1 89. Kf3 Kh2 90. Kf2 Kh1 91. Kg3 {Precision: White = 89%, Black = 52%.} 1-0

[Event "9th HDBank Open 2019"]
[Site "Ho Chi Minh City"]
[Date "2019.03.11"]
[Round "7.28"]
[White "Miciano, John Marvin"]
[Black "Zou, Chen"]
[Result "1-0"]
[WhiteElo "2317"]
[BlackElo "2397"]
[Annotator "ChessBase"]
[PlyCount "177"]
[EventDate "2019.03.07"]
[EventType "swiss"]
[EventCountry "VIE"]
[SourceTitle "playchess.com"]
[Source "ChessBase"]
[SourceQuality "1"]
[TimeControl "5400+30"]

1. d4 {[%emt 0:00:00]} Nf6 {[%emt 0:00:50]} 2. c4 {[%emt 0:00:25]} e6 {[%emt 0:00:34]} 3. g3 {[%emt 0:00:40]} d5 {[%emt 0:00:21]} 4. Bg2 {[%emt 0:00:35]} Bb4+ {[%emt 0:00:47]} 5. Bd2 {[%emt 0:00:21]} Be7 {[%emt 0:00:08]} 6. Nf3 {[%emt 0:00:34]} O-O {[%emt 0:00:10]} 7. O-O {[%emt 0:00:42]} c6 {[%emt 0:00:19]} 8. Qc2 {[%emt 0:01:33]} Nbd7 {[%emt 0:00:22]} 9. Bf4 {[%emt 0:01:47]} Nh5 {[%emt 0:00:11]} 10. Bc1 {[%emt 0:02:49]} Nhf6 {[%emt 0:00:09]} 11. Nbd2 {[%emt 0:04:21]} b6 {[%emt 0:00:24]} 12. e4 {[%emt 0:00:48]} Bb7 {[%emt 0:00:06]} 13. e5 {[%emt 0:01:53]} Ne8 {[%emt 0:00:08]} 14. cxd5 {[%emt 0:01:04]} cxd5 {[%emt 0:00:06]} 15. Re1 {[%emt 0:01:01]} Rc8 {[%emt 0:00:25]} 16. Qa4 {[%emt 0:02:19]} Nc7 {[%emt 0:21:06]} 17. Bf1 {[%emt 0:02:40]} Qe8 {[%emt 0:08:47]} 18. Qd1 {[%emt 0:03:07]} Nb8 {[%emt 0:12:41]} 19. Bd3 {[%emt 0:01:34]} Nc6 {[%emt 0:01:05]} 20. Nb3 {[%emt 0:03:43]} a5 {[%emt 0:09:18]} 21. Bg5 {[%emt 0:04:53]} a4 {[%emt 0:10:57]} 22. Bxe7 {[%emt 0:01:55]} Qxe7 {[%emt 0:00:41]} 23. Nc1 {[%emt 0:01:02]} f6 {[%emt 0:06:00]} 24. Bf1 {[%emt 0:08:41]} Qf7 {[%emt 0:15:01]} 25. Nd3 {[%emt 0:07:02]} a3 {[%emt 0:09:49]} 26. Qd2 {[%emt 0:06:26]} Ba6 {[%emt 0:01:53]} 27. bxa3 {[%emt 0:08:21]} Kh8 {[%emt 0:00:28]} 28. Rab1 {[%emt 0:11:27]} Na5 {[%emt 0:00:17]} 29. exf6 {[%emt 0:00:43]} gxf6 {[%emt 0:00:05]} 30. Qb4 {[%emt 0:03:21]} Nc4 {[%emt 0:00:59]} 31. Nf4 {[%emt 0:00:31]} Rb8 {[%emt 0:00:30]} 32. Nd2 {[%emt 0:02:28]} Nxd2 {[%emt 0:00:50]} 33. Qxd2 {[%emt 0:00:10]} Bxf1 {[%emt 0:00:11]} 34. Kxf1 {[%emt 0:00:11]} Rfe8 {[%emt 0:00:27]} 35. Rbc1 {[%emt 0:02:46]} e5 {[%emt 0:00:54]} 36. dxe5 {[%emt 0:03:04]} fxe5 {[%emt 0:00:01]} 37. Nd3 {[%emt 0:01:22]} Qg7 {[%emt 0:00:02]} 38. Qc3 {[%emt 0:02:41]} Re7 {[%emt 0:01:26]} 39. Rxe5 {[%emt 0:02:35]} Rf7 {[%emt 0:00:01]} 40. Rg5 {[%emt 0:02:20]} Qxc3 {[%emt 0:00:10]} 41. Rxc3 {[%emt 0:00:05]} Nb5 {[%emt 0:01:17]} 42. Rc1 {[%emt 0:01:32]} Rd8 {[%emt 0:00:32]} 43. Nf4 {[%emt 0:02:50]} Nc7 {[%emt 0:00:27]} 44. Rd1 {[%emt 0:00:54]} d4 {[%emt 0:00:22]} 45. Re5 {[%emt 0:00:24]} Rfd7 {[%emt 0:00:17]} 46. Kg2 {[%emt 0:01:42]} Ra8 {[%emt 0:00:52]} 47. Rd3 {[%emt 0:00:34]} Na6 {[%emt 0:00:32]} 48. Rd5 {[%emt 0:01:14]} Rxd5 {[%emt 0:00:18]} 49. Nxd5 {[%emt 0:00:08]} Rd8 {[%emt 0:00:20]} 50. Nxb6 {[%emt 0:00:41]} Nc5 {[%emt 0:00:03]} 51. Rd1 {[%emt 0:00:14]} Kg7 {[%emt 0:00:19]} 52. Nc4 {[%emt 0:00:27]} Kf6 {[%emt 0:00:25]} 53. Nd2 {[%emt 0:01:00]} Ke5 {[%emt 0:01:34]} 54. Nb3 {[%emt 0:00:40]} Na4 {[%emt 0:00:31]} 55. Re1+ {[%emt 0:00:36]} Kf5 {[%emt 0:00:02]} 56. Kf3 {[%emt 0:00:31]} Nc3 {[%emt 0:00:18]} 57. Re7 {[%emt 0:00:23]} h5 {[%emt 0:00:31]} 58. Rc7 {[%emt 0:00:26]} Ke5 {[%emt 0:00:32]} 59. Rc5+ {[%emt 0:00:19]} Nd5 {[%emt 0:00:01]} 60. Ke2 {[%emt 0:00:35]} Ra8 {[%emt 0:00:49]} 61. Ra5 {[%emt 0:00:32]} Rd8 {[%emt 0:01:14]} 62. Kd3 {[%emt 0:00:21]} h4 {[%emt 0:00:32]} 63. f4+ {[%emt 0:00:16]} Kf5 {[%emt 0:00:30]} 64. Nxd4+ {[%emt 0:00:43]} Kg4 {[%emt 0:00:13]} 65. Ra6 {[%emt 0:00:53]} hxg3 {[%emt 0:00:15]} 66. hxg3 {[%emt 0:00:07]} Kxg3 {[%emt 0:00:03]} 67. f5 {[%emt 0:00:28]} Nc7 {[%emt 0:00:14]} 68. Ra5 {[%emt 0:00:23]} Kf4 {[%emt 0:01:43]} 69. a4 {[%emt 0:00:22]} Kg5 {[%emt 0:00:14]} 70. Kc4 {[%emt 0:00:29]} Kf6 {[%emt 0:00:31]} 71. Rc5 {[%emt 0:00:27]} Ne8 {[%emt 0:00:36]} 72. Rc6+ {[%emt 0:00:45]} Ke7 {[%emt 0:00:21]} 73. a5 {[%emt 0:00:50]} Nd6+ {[%emt 0:00:10]} 74. Kb4 {[%emt 0:00:32]} Kd7 {[%emt 0:00:04]} 75. Rc5 {[%emt 0:00:16]} Rf8 {[%emt 0:01:11]} 76. Rd5 {[%emt 0:00:28]} Ke7 {[%emt 0:00:51]} 77. a6 {[%emt 0:00:51]} Nc8 {[%emt 0:00:26]} 78. Nc6+ {[%emt 0:00:20]} Kf6 {[%emt 0:00:33]} 79. Kc5 {[%emt 0:00:27]} Rf7 {[%emt 0:00:09]} 80. Kb4 {[%emt 0:00:49]} Rc7 {[%emt 0:00:33]} 81. Rc5 {[%emt 0:00:17]} Nb6 {[%emt 0:00:53]} 82. Nd4 {[%emt 0:00:23]} Rd7 {[%emt 0:00:19]} 83. Rc6+ {[%emt 0:00:26]} Ke7 {[%emt 0:00:27]} 84. f6+ {[%emt 0:00:30]} Kf7 {[%emt 0:00:07]} 85. Rxb6 {[%emt 0:00:18]} Rxd4+ {[%emt 0:00:08]} 86. Kb5 {[%emt 0:00:06]} Rd5+ {[%emt 0:00:21]} 87. Kc6 {[%emt 0:00:23]} Rd4 {[%emt 0:01:22]} 88. a7 {[%emt 0:00:18]} Ra4 {[%emt 0:00:33]} 89. Kb7 {[%emt 0:00:08]} 1-0

[Event "9th HDBank Open 2019"]
[Site "Ho Chi Minh City"]
[Date "2019.03.11"]
[Round "7.29"]
[White "Pranesh, M."]
[Black "Nava, Roderick"]
[Result "1-0"]
[WhiteElo "2309"]
[BlackElo "2393"]
[Annotator "TA"]
[PlyCount "69"]
[EventDate "2019.03.07"]
[EventType "swiss"]
[EventCountry "VIE"]
[SourceTitle "playchess.com"]
[Source "ChessBase"]
[SourceQuality "1"]

{[%evp 17,69,0,0,-52,-41,-31,-30,-41,-24,-78,-47,-63,-42,-27,-3,-60,39,22,62,64,93,60,35,37,100,94,182,0,0,0,0,0,599,506,598,591,570,568,763,771,761,757,29967,29971,29972,29971,29975,29976,29973,29974,29966,29967,29997,29998]} 1. e4 c5 2. Nf3 g6 3. d4 cxd4 4. Nxd4 Bg7 5. Nc3 Nc6 6. Be3 Nf6 7. Nxc6 bxc6 8. e5 Ng8 9. f4 f6 10. f5 {B34: Sicilian: Accelerated Dragon with 5 Nc3: sidelines} ({White should try} 10. Bd4 $11) (10. Bd4 Nh6 11. exf6 Bxf6 12. Ne4 Bxd4 13. Qxd4 O-O 14. O-O-O d5 15. Nc5 Qd6 16. g3 Nf5 17. Qc3 Qf6 18. Rd3 Nd6 19. Qxf6 exf6 {1-0 (41) Yu,Y (2721)-Frolyanov,D (2539) Novi Sad 2016}) 10... fxe5 11. fxg6 d5 12. gxh7 {aiming for Qh5+.Black has an edge.} Nf6 $1 13. Be2 (13. Bd3 $11 {keeps the balance.} e4 14. O-O Rxh7 15. Rxf6 Bxf6 16. Nxe4 $1 {[%mdl 512]} dxe4 17. Bxe4 {[%mdl 64] Double Attack} Qxd1+ 18. Rxd1) 13... Rxh7 14. O-O Be6 $146 ({Predecessor:} 14... Qd6 15. Bg5 Be6 16. Qd2 O-O-O 17. Na4 Rdh8 {0-1 (66) Ari,A (2139)-Mansour,S (2255) Beirut 2009}) 15. Na4 Qd6 16. Nc5 (16. c3 $11) 16... Bf7 (16... Bh6 $1 $15 17. Qc1 Bxe3+ 18. Qxe3 d4) 17. b4 $1 $14 d4 18. Bg5 e4 19. Bf4 Qd5 20. c4 $36 {[%mdl 2048] White fights for an advantage.} dxc3 (20... Qd8 $14) 21. Qa4 $1 $16 Nd7 (21... Kf8 $16 {was worth a try.}) 22. Rad1 $2 ({White has to play} 22. Nxd7 $18 Qxd7 23. Rad1) 22... Nxc5 $11 23. bxc5 Qxc5+ 24. Kh1 Bd5 $2 {[%mdl 8192] [#]} (24... Kf8 $1 $11) 25. Rxd5 $1 $18 {[%mdl 512]} Qxd5 {[#]} 26. Bc4 $1 {[%cal Rc4d5]} Qd7 27. Rd1 Qb7 {Threatens to win with ...Rd8.} 28. Ba6 {[%mdl 64] Discovered Attack} Qb6 29. Qxe4 {Threatening mate with Qg6+.} Rh4 {[#]} 30. Bc4 $1 {White mates.} ({Worse is} 30. Qg6+ Kf8 $11) 30... Rxf4 31. Qxf4 {[%csl Gc4][%cal Rf4f7]} Bf6 32. Qg4 {[%cal Rg4g8]} Bd4 33. Be6 {[%cal Rg4g8]} Kd8 34. Rxd4+ Kc7 35. Rd7+ {[%mdl 64] Double Attack. Accuracy: White = 64%, Black = 35%.} 1-0

[Event "9th HDBank Open 2019"]
[Site "Ho Chi Minh City"]
[Date "2019.03.11"]
[Round "7.30"]
[White "Xu, Minghui"]
[Black "Sammed Jaykumar, Shete"]
[Result "1-0"]
[WhiteElo "2293"]
[BlackElo "2387"]
[Annotator "TA"]
[PlyCount "115"]
[EventDate "2019.03.07"]
[EventType "swiss"]
[EventCountry "VIE"]
[SourceTitle "playchess.com"]
[Source "ChessBase"]
[SourceQuality "1"]

{[%evp 26,115,43,33,112,98,104,100,159,146,195,192,202,146,154,100,91,106,97,115,116,113,163,62,63,70,60,62,67,73,62,72,60,71,78,16,19,17,16,22,24,24,24,24,24,24,24,24,489,471,439,432,432,432,377,265,510,347,518,490,554,516,548,380,555,551,510,339,445,254,254,247,247,225,231,137,103,24,379,379,357,357,1756,1470,29980,29981,29980,29982,29987,29988,29988,29987]} 1. Nf3 Nf6 2. c4 c5 3. Nc3 e6 4. d4 cxd4 5. Nxd4 b6 6. e4 d6 7. Be2 Bb7 8. f3 a6 9. Be3 Nbd7 10. O-O Be7 11. Qd2 O-O 12. Rfd1 Qc7 13. Rac1 Rac8 14. b4 d5 {A31: Symmetrical English: 2 Nf3 Nf6 3 d4} (14... Qb8 $14) (14... Qb8 15. a3 Rfe8 16. Nb3 Bc6 17. Kh1 h6 18. Bf1 Ne5 19. Qf2 Bd7 20. Nb1 Ba4 21. N1d2 b5 22. c5 dxc5 23. Bxc5 Bxc5 24. Rxc5 {0-1 (62) Negi,P (2664)-Hou,Y (2683) Saint Louis 2015}) 15. exd5 $16 Bxb4 {[%cal Re6d5]} 16. dxe6 Ne5 (16... Nc5 $142) 17. Qb2 $1 {[%cal Rb2b4]} Bc5 18. Na4 $1 Rfe8 19. Rb1 $146 ({Predecessor:} 19. exf7+ Qxf7 20. Bf2 Rb8 21. Qc2 Nh5 22. Bf1 {0-1 (39) Knott,S (2220)-Cummings,D (2265) Brighton/ East Sussex 1980}) 19... Ba8 20. Nxb6 (20. Qc3 $142) 20... Bxf3 21. Nxc8 ({Of course not} 21. Nxf3 $6 Bxe3+ 22. Kf1 Nxf3 $11) 21... Neg4 22. Qb8 $1 {[%cal Rb8c7]} ({But not} 22. Bxf3 Qxh2+ 23. Kf1 Nxe3+ 24. Ke2 Nxd1 $17) 22... Qxb8 23. Rxb8 Nxe3 24. Nb3 ({Don't play} 24. Bxf3 $6 Nxd1 25. Kf1 fxe6 $16) (24. Rd2 $18 Nf5 25. Bxf3 Nxd4 26. Kf1 Nxe6 27. Rdb2) 24... Nxd1+ $14 25. Nxc5 Bxe2 26. exf7+ Kxf7 {And now ...Kg6 would win.} 27. Nd6+ {[%mdl 64] Double Attack} Ke7 28. Nxe8 Nxe8 29. Rb7+ Kd6 30. Nxa6 (30. Ne4+ $16 Kc6 31. Re7) 30... Bxc4 31. a4 {[%cal Ba2a4,Ba4a5,Ba5a6,Ba6a7][%mdl 32]} Nc3 32. a5 Nd5 33. Nb4 Nec7 34. Nxd5 Bxd5 35. Rb8 Bc4 36. Kf2 Ne6 $2 {[%mdl 8192] [#]} (36... Ba6 $11 {and Black stays safe.}) 37. a6 $1 $18 {[%cal Ra6a7][%mdl 512]} Nc7 (37... Bxa6 38. Rb6+) 38. a7 Bd5 39. Rd8+ Ke6 40. h4 h6 $2 (40... h5 41. g3 g6) 41. g4 Na8 (41... Bh1 $142 42. Rg8 Kf7) 42. Ke3 Bh1 43. Kf4 Bg2 44. Rb8 Bh1 (44... Nc7 {keeps fighting.} 45. Rg8 Kf6 46. g5+ hxg5+ 47. hxg5+ Kg6) 45. Rb1 Bg2 46. Ra1 Bb7 47. Ra5 (47. g5 $142) 47... Nc7 48. Ke3 Kd6 49. Kd4 Bf3 50. Rf5 (50. Ra4 $18) 50... Bxg4 $16 {[#]} 51. Rf7 (51. Rd5+ $1 $16 {[%mdl 512]} Ke6 (51... Nxd5 52. a8=Q) 52. Rc5) 51... Bd7 $2 {[%mdl 8192]} (51... Nb5+ $1 $11 52. Ke3 Nxa7) 52. Ke3 $18 g5 {[#]} 53. h5 $1 Na8 $2 (53... Nd5+ 54. Kd4 Bc6) 54. Rh7 Be8 55. Rxh6+ {White mates.} Ke7 56. Rh8 Bc6 57. h6 Nc7 58. Rh7+ {Accuracy: White = 62%, Black = 26%.} 1-0